Statistiques concernant Chansons LESSERAFIM

Cliquez ici pour prendre le quiz!

Statistiques générales

  • Ce quiz a été pris 14 fois
  • Le résultat moyen est 15 sur 29

Statistiques - réponses

Album + DateChanson% Correct
ANTIFRAGILE
100%
ANTIFRAGILE
100%
EASY
100%
FEARLESS
100%
FEARLESS (2023 Ver.)
100%
Perfect Night
27 octobre 2023
Perfect Night
100%
Smart
86%
Impurities
57%
Impurities
57%
Blue Flame
43%
Blue Flame (2023 Ver.)
43%
Eve, Psyche & The Bluebeard’s wife
43%
EASY
19 janvier 2024
Good Bones
43%
Sour Grapes
43%
Swan Song
43%
The Great Mermaid
43%
ANTIFRAGILE
17 octobre 2022
The Hydra
43%
The Hydra
43%
FEARLESS
2 mai 2022
The World Is My Oyster
43%
UNFORGIVEN
1er mai 2023
The World Is My Oyster (2023 Ver.)
43%
Burn the Bridge
29%
Fire in the belly
29%
Flash Forward
29%
No Celestial
29%
We got so much
29%
FEARNOT (Between you, me and the lamppost)
14%
Good Parts (when the quality is bad but I am)
14%
No Return (Into the unknown)
14%
UNFORGIVEN (ft.Nile Rodgers)
14%

Distribution des résultats

Percentile par nombre de réponses

% des personnes avec chaque résultat

Votre développement - résultats

Vous n’avez pas pris ce quiz